000 00279nam a2200097Ia 4500
001 649439
005 20250826153741.0
008 250824s9999 xx 000 0 und d
245 0 _aBENİM KÜÇÜK DOSTLARIM TİMAŞ EDEBİYAT
_cHALİDE NUSRET ZORLUTUNA
260 _bTİMAŞ KÜLTÜR
999 _c649439
_d649439